000 00606nam a2200217 i 4500
001 bg
100 1 _aSZABÓ, Barna Aladar
245 1 0 _aFinite element analysis /
_cBarna Szabó, Ivo Babuška.
260 _aNew York [et al.] :
_bJohn Wiley,
_c1991.
300 _aXV, 368 s. :
_brys., wykr. ;
_c24 cm.
504 _aBibliogr. s. 358-362. - Indeks.
650 9 _aMetoda elementów skończonych
700 1 _aBABUŠKA, Ivo
020 _a0471502731
040 _cBPK
041 0 _aen
080 _a519.61/.65
920 _a0-471-50273-1
942 _cKS
008 s pl f |000 0 pol
999 _c30857
_d30857
856 _uhttp://koha.tu.koszalin.pl/cgi-bin/koha/opac-detail.pl?biblionumber=30857
_yKatalog online BPK